KOHA-Header-6

C++FAQS (Record no. 6436)

000 -LEADER
fixed length control field 00245nam a2200109Ia 4500
100 ## - MAIN ENTRY--AUTHOR NAME
Personal name Cline,Marshall P.
245 #0 - TITLE STATEMENT
Title C++FAQS
260 ## - PUBLICATION, DISTRIBUTION, ETC. (IMPRINT)
Place of publication USA
Name of publisher Microsoft Press
Year of publication 199
300 ## - PHYSICAL DESCRIPTION
Number of Pages 460
942 ## - ADDED ENTRY ELEMENTS (KOHA)
Koha item type Books
Holdings
Withdrawn status Lost status Collection code Permanent Location Current Location Shelving location Date acquired Full call number Accession Number Koha item type
    Computer Languages MAJU MAJU   2019-09-07 005.133 2443 Computer Languages

Powered by Koha